साहित्यिक आनंद यादव / (Record no. 56626)

MARC details
000 -LEADER
fixed length control field 01067nam a22002297a 4500
005 - DATE AND TIME OF LATEST TRANSACTION
control field 20110913152830.0
008 - FIXED-LENGTH DATA ELEMENTS--GENERAL INFORMATION
fixed length control field 110913t xxu||||| |||| 00| 0 mar d
010 ## - LCCN (DPL NO)
LC control number MAR-21304
020 ## - INTERNATIONAL STANDARD BOOK NUMBER
Terms of availability 200.00
International Standard Book Number 9788190976266
035 ## - SYSTEM CONTROL NUMBER
System control number MR-13962
037 ## - SOURCE OF ACQUISITION
Source of stock number/acquisition DBAD/PUB
040 ## - CATALOGING SOURCE
Original cataloging agency DPL
Language of cataloging MR
082 ## - DEWEY DECIMAL CLASSIFICATION NUMBER
Classification number 891.46092
100 ## - MAIN ENTRY--PERSONAL NAME
Personal name ठाकूर,रवींद्र
9 (RLIN) 34729
245 ## - TITLE STATEMENT
Title साहित्यिक आनंद यादव /
Statement of responsibility, etc रवींद्र ठाकूर
246 ## - VARYING FORM OF TITLE
Title proper/short title Sahityik Anand Yadav
Remainder of title by Raveendra Thakur
260 ## - PUBLICATION, DISTRIBUTION, ETC. (IMPRINT)
Place of publication, distribution, etc नांदेड
Name of publisher, distributor, etc बळीवंश प्रकाशन
Date of publication, distribution, etc 2011
270 ## - ADDRESS
City नांदेड
Postal code 431605
Address नृसिंह पॅलेसच्या मागे,नरहरनगर,
300 ## - PHYSICAL DESCRIPTION
Extent 208पृ.
Dimensions 21सेमी(अजिल्द)
942 ## - ADDED ENTRY ELEMENTS (KOHA)
Source of classification or shelving scheme Dewey Decimal Classification
Item type Marathi Books
Call number suffix यादव
Classification part 891.46092
Holdings
Withdrawn status Lost status Source of classification or shelving scheme Damaged status Not for loan Collection code Home library Current library Date acquired Source of acquisition Cost, normal purchase price Total Checkouts Full call number Barcode Date last seen Copy number Cost, replacement price Koha item type
    Dewey Decimal Classification   Not For Loan Non-fiction D.B.Act.Division D.B.Act.Division 15/09/2011 DBAD / PUB 200.00   891.46092 यादव MR-13962 15/09/2011 1 200.00 Marathi Books

© Delhi Public Library
Hit Counter
free hit counter